Física: Álgebra y Trigonometría
Đã lưu trong:
| Tác giả chính: | |
|---|---|
| Định dạng: | Sách |
| Ngôn ngữ: | Tiếng Tây Ban Nha |
| Được phát hành: |
Ciudad de México, México
International Thomson
2000
|
| Phiên bản: | Segunda edición |
| Loạt: | Ciencias
|
| Những chủ đề: | |
| Các nhãn: |
Thêm thẻ
Không có thẻ, Là người đầu tiên thẻ bản ghi này!
|
MARC
| LEADER | 00000nam a2200000 a 4500 | ||
|---|---|---|---|
| 001 | UCP9261 | ||
| 003 | CL-VaPUC | ||
| 005 | 20250225103932.0 | ||
| 008 | 000324e20000000MX |||||||||||||||||spa|d | ||
| 999 | |c 286091 |d 286089 | ||
| 040 | |c Pontificia Universidad Católica de Valparaíso | ||
| 082 | 0 | 4 | |a 512.13 HEC 2000 |2 21 |
| 100 | |a Hecht, Eugene |9 565824 | ||
| 245 | 1 | 0 | |a Física: Álgebra y Trigonometría |
| 250 | |a Segunda edición | ||
| 260 | 0 | 3 | |a Ciudad de México, México |b International Thomson |c 2000 |
| 300 | |a 2 volúmenes | ||
| 490 | 0 | |a Ciencias | |
| 583 | |a last modification |c 20000324 00:00:00 |k Rodrigo Vera | ||
| 650 | 0 | |a Aceleración |9 348443 | |
| 650 | 0 | |a Acústica |9 265389 | |
| 650 | 0 | |a Calor |9 260253 | |
| 650 | 0 | |a Cinemática |9 260942 | |
| 650 | 0 | |a Circuitos |9 263339 | |
| 650 | 0 | |a Corrientes eléctricas |9 354960 | |
| 650 | 7 | |a ELASTICIDAD |2 CL-VaPUC |9 266503 | |
| 650 | 7 | |a ELECTROSTATICA |2 CL-VaPUC |9 439718 | |
| 650 | 0 | |a Energía |9 259431 | |
| 650 | 0 | |a Energía térmica |9 357587 | |
| 650 | 0 | |a Estados de la Materia |9 347141 | |
| 650 | 7 | |a FISICA DE ALTA ENERGIA |2 CL-VaPUC |9 439719 | |
| 650 | 0 | |a Gravitación |9 332312 | |
| 650 | 7 | |a FISICA NUCLEAR |2 CL-VaPUC |9 270366 | |
| 650 | 7 | |a INDUCCION ELECTROMAGNETICA |2 CL-VaPUC |9 354934 | |
| 650 | 0 | |a Luz |9 263172 | |
| 650 | 0 | |a Magnetismo |9 260336 | |
| 650 | 7 | |a OPTICA FISICA |2 CL-VaPUC |9 271669 | |
| 650 | 7 | |a PROPIEDADES OPTICAS DE LAS SUSTANCIAS |2 CL-VaPUC |9 439720 | |
| 650 | 0 | |a Teoría cuántica |9 266148 | |
| 650 | 0 | |a Termodinámica |9 259320 | |
| 650 | 0 | |a Velocidad |9 311814 | |
| 942 | |c BK |2 ddc | ||
| 945 | |d 20000324 00:00:00 |a vberengu | ||
| 952 | |0 0 |1 0 |2 ddc |4 0 |6 512_130000000000000_HEC_2000 |7 0 |8 A |9 331402 |a BIBCUR |b BIBCUR |d 2019-11-20 |h v.1 |i 3602958 |l 1 |o 512.13 HEC 2000 |p 3602958 |r 2025-04-22 |s 2023-09-01 |t 1 |w 2019-11-20 |y BK |k FIS | ||
| 952 | |0 0 |1 0 |2 ddc |4 0 |6 512_130000000000000_HEC_2000 |7 0 |8 A |9 331403 |a BIBCUR |b BIBCUR |d 2019-11-20 |h v.2 |i 3602966 |o 512.13 HEC 2000 |p 3602966 |r 2025-04-22 |t 1 |w 2019-11-20 |y BK |k FIS | ||
| 952 | |0 0 |1 0 |2 ddc |4 0 |6 512_130000000000000_HEC_2000 |7 0 |8 A |9 331404 |a BIBCUR |b BIBCUR |d 2019-11-20 |h v.1 |i 3780236 |l 5 |o 512.13 HEC 2000 |p 3780236 |r 2025-04-22 |s 2025-03-13 |t 2 |w 2019-11-20 |y BK |k FIS | ||
| 952 | |0 0 |1 0 |2 ddc |4 0 |6 512_130000000000000_HEC_2000 |7 0 |8 A |9 331405 |a BIBCUR |b BIBCUR |d 2019-11-20 |h v.2 |i 3780244 |o 512.13 HEC 2000 |p 3780244 |r 2025-04-22 |t 2 |w 2019-11-20 |y BK |k FIS | ||